000 00467nam a22001937a 4500
003 OSt
005 20250417112523.0
008 250417b |||||||| |||| 00| 0 eng d
040 _cMRSPTU
041 _aENG
082 _a720.92
_bBA-1
100 _aBalakrishnan, Gita
245 _a1700 IN 70 : A Walk for a Cause
250 _a2nd Ed.
260 _aNew Delhi
_bRupa Pub. India pvt. Ltd.
_c2024
300 _a189
650 _aArchitecture
942 _2ddc
_cBK
_n0
999 _c10558
_d10558